[Event "Reykjavik op"]
[Site "Reykjavik"]
[Date "2023.04.01"]
[Round "5"]
[White "Haraldsson, Sigurjon"]
[Black "Lien, Benjamin"]
[Result "0-1"]
[WhiteElo "1864"]
[BlackElo "1495"]
[PlyCount "36"]
[EventDate "2023.03.29"]
[EventType "swiss"]
[EventRounds "9"]
[EventCountry "ISL"]
[SourceTitle "CBM 213 Extra"]
[Source "ChessBase"]
[SourceDate "2023.05.31"]
[SourceVersion "1"]
[SourceVersionDate "2023.05.31"]
[SourceQuality "1"]

1. e4 e5 2. Nf3 Nc6 3. d4 exd4 4. Bc4 Nf6 5. e5 d5 6. exf6 dxc4 7. fxg7 Bxg7 8. 0-0 Be6 9. Ng5 Qd7 10. Nxe6 fxe6 11. Qh5+ Qf7 12. Qb5 0-0-0 13. Qxc4 Rhg8 14. f4 Qg6 15. Qe2 d3 16. cxd3 Rxd3 17. f5 exf5 18. Qxd3 Bd4+ 0-1

[Event "Reykjavik op"]
[Site "Reykjavik"]
[Date "2023.03.31"]
[Round "4"]
[White "Large, Peter G"]
[Black "Haraldsson, Sigurjon"]
[Result "1-0"]
[WhiteElo "2227"]
[BlackElo "1864"]
[PlyCount "97"]
[EventDate "2023.03.29"]
[EventType "swiss"]
[EventRounds "9"]
[EventCountry "ISL"]
[SourceTitle "CBM 213 Extra"]
[Source "ChessBase"]
[SourceDate "2023.05.31"]
[SourceVersion "1"]
[SourceVersionDate "2023.05.31"]
[SourceQuality "1"]

1. e4 e6 2. d4 d5 3. Nc3 Bb4 4. e5 c5 5. a3 Ba5 6. dxc5 Bxc3+ 7. bxc3 Ne7 8. Qg4 Qc7 9. Nf3 Nd7 10. Bb5 0-0 11. 0-0 Nxe5 12. Nxe5 Qxe5 13. Bf4 Qxc3 14. Bd6 Qf6 15. Rfe1 e5 16. Qh5 e4 17. Bxe7 Qxe7 18. Qxd5 a6 19. Ba4 Be6 20. Qxe4 Qxc5 21. Qxb7 g6 22. Bb3 Ra7 23. Qf3 Bxb3 24. cxb3 Rc7 25. g3 Qd4 26. b4 Rc2 27. Rad1 Qb2 28. Re3 Rc1 29. Rxc1 Qxc1+ 30. Kg2 Rd8 31. Qf6 Qc8 32. Rc3 Qd7 33. h4 a5 34. bxa5 Qd5+ 35. Kh2 Qxa5 36. Re3 h5 37. Re5 Qa8 38. Re7 Rf8 39. Re3 Re8 40. Rxe8+ Qxe8 41. Qd4 Qe7 42. a4 Qa3 43. Qd8+ Kh7 44. a5 Qf3 45. Qb6 Qg4 46. a6 g5 47. a7 gxh4 48. a8Q hxg3+ 49. fxg3 1-0

[Event "Reykjavik Kvika op"]
[Site "Reykjavik"]
[Date "2022.04.11"]
[Round "8"]
[White "Jonsson, Gauti Pall"]
[Black "Haraldsson, Sigurjon"]
[Result "1-0"]
[WhiteElo "2064"]
[BlackElo "1806"]
[PlyCount "89"]
[EventDate "2022.04.06"]
[EventType "swiss"]
[EventRounds "9"]
[EventCountry "ISL"]
[SourceTitle "CBM 207 Extra"]
[Source "ChessBase"]
[SourceDate "2022.05.31"]
[SourceVersion "1"]
[SourceVersionDate "2022.05.31"]
[SourceQuality "1"]

1. c4 e5 2. Nc3 Nf6 3. g3 d5 4. cxd5 Nxd5 5. Bg2 Nb6 6. e3 Be7 7. Nge2 0-0 8. 0-0 c6 9. f4 exf4 10. Nxf4 N8d7 11. b3 Nf6 12. Bb2 Bf5 13. d4 Qc8 14. e4 Bg4 15. Qe1 Nh5 16. Rc1 Nxf4 17. gxf4 Qd8 18. Nd1 Bh4 19. Qe3 Re8 20. Nf2 Bd7 21. Nd3 Be7 22. Qf3 Bf8 23. f5 c5 24. d5 Bb5 25. Rfe1 c4 26. Nf4 Qh4 27. e5 Bc5+ 28. Kh1 Bb4 29. Re4 Bd2 30. Rd1 c3 31. Bxc3 Bxc3 32. Qxc3 Rac8 33. Qf3 Rc2 34. f6 Rf2 35. Qe3 Rxa2 36. Rg1 gxf6 37. Bh3+ Qg5 38. Rxg5+ fxg5 39. Nh5 Kh8 40. Qd4 Nxd5 41. e6+ f6 42. Nxf6 Nxf6 43. Qxf6+ Kg8 44. Qxg5+ Kh8 45. Qf6+ 1-0

[Event "Reykjavik Kvika op"]
[Site "Reykjavik"]
[Date "2022.04.08"]
[Round "4"]
[White "Haraldsson, Sigurjon"]
[Black "Kull, Florian"]
[Result "1-0"]
[WhiteElo "1806"]
[BlackElo "2138"]
[PlyCount "61"]
[EventDate "2022.04.06"]
[EventType "swiss"]
[EventRounds "9"]
[EventCountry "ISL"]
[SourceTitle "CBM 207 Extra"]
[Source "ChessBase"]
[SourceDate "2022.05.31"]
[SourceVersion "1"]
[SourceVersionDate "2022.05.31"]
[SourceQuality "1"]

1. d4 Nf6 2. c4 e6 3. Nf3 d5 4. Nc3 dxc4 5. e3 a6 6. Bxc4 b5 7. Bd3 Bb7 8. 0-0 c5 9. dxc5 Bxc5 10. Ne1 0-0 11. a3 Qc7 12. Ne2 Nbd7 13. b4 Bd6 14. Ng3 Rfd8 15. Bb2 Ne5 16. Rc1 Qe7 17. Qe2 Rac8 18. Rxc8 Rxc8 19. Nf3 Nxf3+ 20. gxf3 Nd7 21. f4 Qh4 22. Rd1 Nf6 23. f3 Nd5 24. Be4 g5 25. Nf5 exf5 26. Bxd5 Bc6 27. Qd2 gxf4 28. Qg2+ Kf8 29. Qg7+ Ke8 30. Qxf7+ Kd8 31. Bf6+ 1-0

[Event "Reykjavik Kvika op"]
[Site "Reykjavik"]
[Date "2022.04.07"]
[Round "2"]
[White "Briem, Stephan"]
[Black "Haraldsson, Sigurjon"]
[Result "1-0"]
[WhiteElo "2048"]
[BlackElo "1806"]
[PlyCount "61"]
[EventDate "2022.04.06"]
[EventType "swiss"]
[EventRounds "9"]
[EventCountry "ISL"]
[SourceTitle "CBM 207 Extra"]
[Source "ChessBase"]
[SourceDate "2022.05.31"]
[SourceVersion "1"]
[SourceVersionDate "2022.05.31"]
[SourceQuality "1"]

1. d4 Nf6 2. c4 g6 3. Nc3 d5 4. cxd5 Nxd5 5. Bd2 Bg7 6. e4 Nxc3 7. Bxc3 0-0 8. Nf3 c5 9. d5 Bxc3+ 10. bxc3 Bg4 11. Be2 Nd7 12. Nd2 Bxe2 13. Qxe2 Qc7 14. 0-0 Rae8 15. f4 e6 16. c4 exd5 17. cxd5 Nf6 18. Qc4 b5 19. Qxb5 Nxe4 20. Qd3 c4 21. Qd4 f5 22. Nxc4 Rd8 23. Rac1 Rf6 24. d6 Qc5 25. Qxc5 Nxc5 26. Ne5 Ne4 27. d7 Nd6 28. Rc7 Nb5 29. Rc8 Rff8 30. Rxd8 Rxd8 31. Rd1 1-0

[Event "Reykjavik Kvika op"]
[Site "Reykjavik"]
[Date "2022.04.06"]
[Round "1"]
[White "Haraldsson, Sigurjon"]
[Black "Hafthorsson, Jon Ulfur"]
[Result "1-0"]
[WhiteElo "1806"]
[BlackElo "1186"]
[PlyCount "98"]
[EventDate "2022.04.06"]
[EventType "swiss"]
[EventRounds "9"]
[EventCountry "ISL"]
[SourceTitle "CBM 207 Extra"]
[Source "ChessBase"]
[SourceDate "2022.05.31"]
[SourceVersion "1"]
[SourceVersionDate "2022.05.31"]
[SourceQuality "1"]

1. c4 Nf6 2. d4 c5 3. d5 e5 4. Nc3 d6 5. e4 Be7 6. h3 Na6 7. f4 exf4 8. Bxf4 Nc7 9. Bd3 a6 10. Qe2 Nd7 11. Nf3 0-0 12. 0-0 b5 13. cxb5 axb5 14. Nxb5 Ba6 15. Nxd6 Nf6 16. Nf5 Nh5 17. Bxc7 Qxc7 18. Bxa6 c4 19. Bxc4 Bc5+ 20. Kh1 g6 21. N3h4 Qg3 22. Nxg3 Nxg3+ 23. Kh2 Nxe2 24. Bxe2 Bd6+ 25. Kh1 Be5 26. Rab1 Rxa2 27. Nf3 Bxb2 28. Bc4 Ra4 29. Bb3 Rxe4 30. Rxb2 Rb4 31. Rbb1 Rfb8 32. Bc2 f6 33. Nd4 Kf7 34. Nc6 Rxb1 35. Rxb1 Rxb1+ 36. Bxb1 f5 37. Ba2 Ke8 38. Na7 Kd7 39. Nb5 h6 40. Bb1 Ke7 41. Kg1 Kf6 42. Kf2 g5 43. d6 f4 44. Kf3 Ke6 45. Kg4 h5+ 46. Kxg5 f3 47. gxf3 h4 48. Kxh4 Kd7 49. Bf5+ Ke8 1-0

[Event "Reykjavik ISL-ch op"]
[Site "Reykjavik"]
[Date "2020.08.29"]
[Round "8"]
[White "Mai, Alexander Oliver"]
[Black "Haraldsson, Sigurjon"]
[Result "1-0"]
[WhiteElo "2055"]
[BlackElo "1848"]
[PlyCount "67"]
[EventDate "2020.08.22"]
[EventType "swiss"]
[EventRounds "9"]
[EventCountry "ISL"]
[SourceTitle "CBM 198 Extra"]
[Source "ChessBase"]
[SourceDate "2020.11.30"]
[SourceVersion "1"]
[SourceVersionDate "2020.11.30"]
[SourceQuality "1"]

1. e4 e6 2. d4 d5 3. Nc3 Bb4 4. e5 c5 5. a3 Bxc3+ 6. bxc3 Ne7 7. Qg4 0-0 8. Bd3 Qa5 9. Bd2 Nbc6 10. Nf3 f5 11. exf6 Rxf6 12. Qh5 g6 13. Qg5 Rf7 14. 0-0 c4 15. Be2 Qc7 16. Qg3 e5 17. Nxe5 Nf5 18. Qg5 Nxe5 19. dxe5 Qxe5 20. Bf3 Qd6 21. Bf4 h6 22. Qxh6 Nxh6 23. Bxd6 Rf5 24. Rad1 Be6 25. Rfe1 Bf7 26. Bg3 g5 27. h3 b5 28. Re7 Rd8 29. Rxa7 Rxf3 30. gxf3 Bh5 31. Re1 Bxf3 32. Re6 Nf5 33. Rg6+ Kf8 34. Rf6+ 1-0

[Event "Reykjavik Congress"]
[Site "Reykjavik"]
[Date "2020.01.29"]
[Round "8"]
[White "Haraldsson, Sigurjon"]
[Black "Skarphedinsson, Ingvar Wu"]
[Result "1-0"]
[WhiteElo "1820"]
[BlackElo "1484"]
[PlyCount "75"]
[EventDate "2020.01.05"]
[EventType "swiss"]
[EventRounds "9"]
[EventCountry "ISL"]
[SourceTitle "EXT 2021"]
[Source "ChessBase"]
[SourceDate "2020.10.23"]
[SourceVersion "1"]
[SourceVersionDate "2020.10.23"]
[SourceQuality "1"]

1. e4 e5 2. Nf3 Nc6 3. d4 exd4 4. Bc4 Nf6 5. e5 d5 6. Bb5 Ne4 7. Nxd4 Bd7 8. Bxc6 bxc6 9. 0-0 c5 10. Ne2 c6 11. f3 Ng5 12. f4 Ne4 13. Nbc3 Nxc3 14. Nxc3 g6 15. Qf3 Bg7 16. Na4 Qa5 17. b3 c4 18. Be3 cxb3 19. axb3 Qc7 20. Bc5 Bf8 21. Qe3 Bxc5 22. Qxc5 Bf5 23. Nc3 Kd7 24. Ra6 Rhb8 25. Nxd5 cxd5 26. Rd6+ Kc8 27. Rc6 Rb7 28. Qf8+ Kd7 29. Rxc7+ Rxc7 30. Qxa8 Be4 31. c4 Rc8 32. Qxa7+ Rc7 33. Qd4 Ke6 34. Qb6+ Kd7 35. Ra1 h5 36. Qd6+ Kc8 37. Ra8+ Kb7 38. Qa6# 1-0

[Event "Reykjavik Congress"]
[Site "Reykjavik"]
[Date "2020.01.08"]
[Round "2"]
[White "Jonsson, Gauti Pall"]
[Black "Haraldsson, Sigurjon"]
[Result "1-0"]
[WhiteElo "2027"]
[BlackElo "1820"]
[PlyCount "23"]
[EventDate "2020.01.05"]
[EventType "swiss"]
[EventRounds "9"]
[EventCountry "ISL"]
[SourceTitle "CBM 194 Extra"]
[Source "ChessBase"]
[SourceDate "2020.03.31"]
[SourceVersion "1"]
[SourceVersionDate "2020.03.31"]
[SourceQuality "1"]

1. d4 d6 2. e4 Nf6 3. Nc3 g6 4. Bf4 Bg7 5. Qd2 c6 6. Bh6 Bxh6 7. Qxh6 Qa5 8. 0-0-0 Be6 9. d5 cxd5 10. exd5 Bd7 11. Re1 Qc5 12. Qg7 1-0

[Event "Gardabaer op"]
[Site "Gardabaer"]
[Date "2015.11.02"]
[Round "2"]
[White "Haraldsson, Sigurjon"]
[Black "Mai, Alexander Oliver"]
[Result "1-0"]
[WhiteElo "1799"]
[BlackElo "1259"]
[PlyCount "95"]
[EventDate "2015.10.26"]
[EventType "swiss"]
[EventRounds "7"]
[EventCountry "ISL"]
[SourceTitle "EXT 2017"]
[Source "ChessBase"]
[SourceDate "2016.10.25"]
[SourceVersion "1"]
[SourceVersionDate "2016.10.25"]
[SourceQuality "1"]

1. e4 c6 2. d4 d5 3. Nc3 dxe4 4. Nxe4 Bf5 5. Nc5 Qc7 6. Nf3 e6 7. Be3 Bxc5 8. dxc5 Nd7 9. Qd4 e5 10. Qc3 Ne7 11. Bc4 f6 12. 0-0-0 0-0-0 13. Rd2 Be4 14. Be6 Bd5 15. Bh3 Bxf3 16. gxf3 Nd5 17. Qa3 a6 18. Rhd1 f5 19. Bxf5 N5f6 20. Bg5 Kb8 21. Bxf6 Nxf6 22. c4 Rxd2 23. Rxd2 Qf7 24. Qd3 Re8 25. b3 Qe7 26. Qd6+ Ka7 27. Qxe7 Rxe7 28. Rd6 Kb8 29. Re6 Rxe6 30. Bxe6 Kc7 31. Kd2 Nd7 32. b4 a5 33. a3 Nb8 34. b5 Nd7 35. Bxd7 Kxd7 36. Kc3 Ke6 37. Kb3 Kf5 38. Ka4 Kf4 39. Kxa5 Kxf3 40. Kb6 Kxf2 41. Kxb7 e4 42. bxc6 e3 43. c7 e2 44. c8Q e1Q 45. Qf8+ Kg1 46. Qxg7+ Kh1 47. Qxh7 Qb1+ 48. Qxb1+ 1-0

[Event "Reykjavik op"]
[Site "Reykjavik"]
[Date "2015.03.17"]
[Round "9"]
[White "Davidsdottir, Nansy"]
[Black "Haraldsson, Sigurjon"]
[Result "1/2-1/2"]
[WhiteElo "1641"]
[BlackElo "1833"]
[PlyCount "131"]
[EventDate "2015.03.10"]
[EventType "swiss"]
[EventRounds "10"]
[EventCountry "ISL"]
[SourceTitle "CBM 165 Extra"]
[Source "ChessBase"]
[SourceDate "2015.04.21"]
[SourceVersion "1"]
[SourceVersionDate "2015.04.21"]
[SourceQuality "1"]

1. e4 c5 2. c3 e6 3. d4 d5 4. e5 Qb6 5. Nf3 Nc6 6. Be2 cxd4 7. cxd4 Nh6 8. Nc3 Nf5 9. Bb5 Bb4 10. Qa4 Bd7 11. a3 Be7 12. Be3 0-0 13. 0-0 f6 14. Bxc6 Bxc6 15. Qc2 fxe5 16. Nxe5 Bf6 17. Nxc6 bxc6 18. Na4 Qc7 19. Rfd1 Rac8 20. Rac1 Nxe3 21. fxe3 e5 22. Nc5 Qe7 23. Qd3 Bg5 24. Rc2 Rf7 25. Re2 Rcf8 26. Nb3 Qf6 27. Nd2 exd4 28. Qxd4 Qg6 29. b4 Bd8 30. Nf1 Bb6 31. Qd2 h5 32. a4 d4 33. exd4 Rd8 34. Qc3 Rfd7 35. Qc4+ Kh7 36. Red2 Rxd4 37. Rxd4 Rxd4 38. Rxd4 Qe4 39. Ng3 Bxd4+ 40. Kh1 Qe3 41. Qc2+ g6 42. Qd1 h4 43. Ne2 Be5 44. Qd7+ Kh6 45. Qg4 Qf2 46. Ng1 Bd4 47. Qd1 Qb2 48. Nf3 Bf2 49. b5 cxb5 50. axb5 Qc3 51. Qd2+ Qxd2 52. Nxd2 g5 53. Ne4 Bd4 54. h3 Kg6 55. g4 hxg3 56. Nxg3 Kf7 57. Kg2 Ke6 58. Kf3 Kd5 59. Ne4 Kc4 60. Nxg5 Kxb5 61. Ke2 Kb4 62. Ne4 a5 63. Kd3 Be5 64. Kc2 a4 65. Kb1 Bd4 66. Ka2 1/2-1/2

[Event "Reykjavik op"]
[Site "Reykjavik"]
[Date "2015.03.16"]
[Round "8"]
[White "Haraldsson, Sigurjon"]
[Black "Haessel, Dale R"]
[Result "0-1"]
[WhiteElo "1833"]
[BlackElo "2174"]
[PlyCount "60"]
[EventDate "2015.03.10"]
[EventType "swiss"]
[EventRounds "10"]
[EventCountry "ISL"]
[SourceTitle "CBM 165 Extra"]
[Source "ChessBase"]
[SourceDate "2015.04.21"]
[SourceVersion "1"]
[SourceVersionDate "2015.04.21"]
[SourceQuality "1"]

1. e4 e5 2. Nc3 Nf6 3. Bc4 Nc6 4. Nf3 Nxe4 5. 0-0 Nxc3 6. dxc3 Be7 7. Qd5 0-0 8. Nxe5 Nxe5 9. Qxe5 Bf6 10. Qh5 c6 11. Be3 d5 12. Bd3 g6 13. Qf3 Re8 14. Rab1 Be6 15. Bd4 Be7 16. Qe3 Qc7 17. f4 c5 18. Be5 Bd6 19. Bxd6 Qxd6 20. f5 Bxf5 21. Qh6 Bxd3 22. Rxf7 Kxf7 23. Qxh7+ Kf6 24. cxd3 Re5 25. h4 Rae8 26. Rf1+ Rf5 27. Rxf5+ gxf5 28. h5 Qg3 29. Qh6+ Ke7 30. d4 Kd7 0-1

[Event "ISL-chT 1314"]
[Site "Reykjavik"]
[Date "2014.02.28"]
[Round "7.5"]
[White "Haraldsson, Sigurjon"]
[Black "Gislason, Gudmundur"]
[Result "0-1"]
[WhiteElo "1846"]
[BlackElo "2322"]
[PlyCount "104"]
[EventDate "2013.10.10"]
[EventType "team-tourn"]
[EventRounds "9"]
[EventCountry "ISL"]
[SourceTitle "EXT 2015"]
[Source "ChessBase"]
[SourceDate "2014.11.20"]
[SourceVersion "1"]
[SourceVersionDate "2014.11.20"]
[SourceQuality "1"]
[WhiteTeam "Reykjavik II"]
[BlackTeam "Bolungarvik"]
[WhiteTeamCountry "ISL"]
[BlackTeamCountry "ISL"]

1. e4 g6 2. d4 Bg7 3. Nf3 c6 4. c3 Nf6 5. e5 Nd5 6. Bc4 0-0 7. Bxd5 cxd5 8. 0-0 Nc6 9. Bf4 Qb6 10. b3 f6 11. exf6 Bxf6 12. Bh6 Re8 13. Nbd2 d6 14. Be3 Qa5 15. b4 Qa3 16. Qb3 Qxb3 17. axb3 Bf5 18. Rfc1 a6 19. Nf1 e5 20. Ng3 Bg4 21. dxe5 dxe5 22. Bc5 Rad8 23. Ra2 e4 24. Nd4 Ne5 25. h3 Nd3 26. Rf1 Bd7 27. Rc2 Be5 28. Nde2 Rc8 29. Bd4 Nxb4 30. Rd2 Nd3 31. Bxe5 Rxe5 32. f3 Bb5 33. fxe4 dxe4 34. c4 Bc6 35. Nc3 Nc5 36. b4 e3 37. Rd6 Ne4 38. Rxc6 Rxc6 39. Ngxe4 Rxc4 40. Nf6+ Kg7 41. Ng4 Rf5 42. Rc1 Rxb4 43. Nxe3 Rc5 44. Rd1 Rxc3 45. Rd7+ Kh6 46. Ng4+ Rxg4 47. hxg4 Rb3 48. Kh2 a5 49. g3 a4 50. Kh3 a3 51. Kh4 g5+ 52. Kh3 a2 0-1

[Event "Reykjavik-ch"]
[Site "Reykjavik"]
[Date "2009.01.23"]
[Round "6"]
[White "Haraldsson, Sigurjon"]
[Black "Helgadottir, Sigridur Bjorg"]
[Result "1/2-1/2"]
[WhiteElo "1947"]
[BlackElo "1646"]
[PlyCount "82"]
[EventDate "2009.01.11"]
[EventType "swiss"]
[EventRounds "9"]
[EventCountry "ISL"]
[SourceTitle "EXT 2010"]
[Source "ChessBase"]
[SourceDate "2010.11.25"]
[SourceVersion "1"]
[SourceVersionDate "2010.11.25"]
[SourceQuality "1"]

1. d4 Nf6 2. c4 g6 3. Nc3 d5 4. cxd5 Nxd5 5. e4 Nxc3 6. bxc3 Bg7 7. Bc4 c5 8. Ne2 0-0 9. 0-0 Nc6 10. Be3 Bg4 11. f3 Na5 12. Bd3 Bd7 13. Rb1 Rc8 14. Qd2 Re8 15. Bb5 Bxb5 16. Rxb5 Nc4 17. Qd3 Nxe3 18. Qxe3 cxd4 19. cxd4 b6 20. Rd1 Qd7 21. Rb2 Rc4 22. Rbd2 Rec8 23. h3 Rc2 24. Kh2 Qa4 25. Qb3 Qxb3 26. axb3 e6 27. f4 f5 28. e5 Bf8 29. Ng1 Rxd2 30. Rxd2 Rc3 31. Rb2 Ba3 32. Rb1 Rd3 33. Nf3 h6 34. b4 Rc3 35. b5 Bc1 36. Kg3 h5 37. h4 Be3 38. Rb4 Kf7 39. Ra4 Rc7 40. Rb4 Rc3 41. Ra4 Rc7 1/2-1/2

[Event "Reykjavik-ch"]
[Site "Reykjavik"]
[Date "2009.01.18"]
[Round "4"]
[White "Haraldsson, Sigurjon"]
[Black "Ragnarsson, Johann Hjortur"]
[Result "0-1"]
[WhiteElo "1947"]
[BlackElo "2118"]
[PlyCount "80"]
[EventDate "2009.01.11"]
[EventType "swiss"]
[EventRounds "9"]
[EventCountry "ISL"]
[SourceTitle "EXT 2010"]
[Source "ChessBase"]
[SourceDate "2010.11.25"]
[SourceVersion "1"]
[SourceVersionDate "2010.11.25"]
[SourceQuality "1"]

1. Nf3 d5 2. g3 Nf6 3. Bg2 Bf5 4. 0-0 h6 5. d3 e6 6. c4 c6 7. Be3 Nbd7 8. Nc3 Bd6 9. cxd5 exd5 10. Rc1 Qe7 11. Bd4 Ne5 12. Nxe5 Bxe5 13. Bxe5 Qxe5 14. e4 dxe4 15. dxe4 Be6 16. b3 0-0 17. h3 Rad8 18. Qc2 Rd7 19. Kh2 Rfd8 20. Rfd1 Qc5 21. Rxd7 Rxd7 22. Na4 Qb4 23. a3 Qxa3 24. Nc5 Re7 25. Rd1 Qa5 26. Rd6 Ne8 27. Rd4 Qc7 28. f4 Bc8 29. e5 b6 30. Ne4 Rd7 31. Rc4 c5 32. b4 Ba6 33. Rc3 c4 34. Bf1 Rd4 35. Qf2 Rd1 36. Be2 Rb1 37. Bg4 Bb7 38. Qd4 Rxb4 39. Nd2 Rb2 40. Rc1 Qc6 0-1